000 00575nam a2200205 4500
001 143734
003 ES-MaACL
005 20250825112757.0
007 t|
008 070214s1961 sp r ||||1| spa d
100 1 _aSeverini, Luigi.
_9105921
245 1 0 _aExistencialismo /
_cLuigi Severini.
260 _aBarcelona :
_bHerder,
_c1961 (
_fCondal)
300 _a71 p. ;
_c19 cm.
650 4 _912679
_aExistencialismo
650 7 _aFilosofĂ­a
_2embne
_912802
655 0 _aEnsayos
_9176636
942 _2udc
_cMONOGRAFIA
999 _c143734
_d143734